LEADER 00836nam0-22003131i-450- 001 990006882870403321 005 20150708153712.0 035 $a000688287 035 $aFED01000688287 035 $a(Aleph)000688287FED01 035 $a000688287 100 $a20010426d1997----km-y0itay50------ba 101 0 $aeng 105 $ay-------001yy 200 1 $aLearning Latex$fDavid F. Griffiths, Desmond J. Higham. 210 $aPhiladelphia$cSiam$dc 1997 215 $aX, 84 p.$d25 cm 676 $a686 700 1$aGriffiths,$bDavid F.$013855 702 1$aHigham,$bDesmond J. 801 0$aIT$bUNINA$gRICA$2UNIMARC 901 $aBK 912 $a990006882870403321 952 $aVI L 43$b32611$fFSPBC 952 $a14 P.022.042$b3880$fDINMP 959 $aFSPBC 959 $aDINMP 996 $aLearning LATEX$9188160 997 $aUNINA LEADER 03734nam 2200661Ia 450 001 9910457611703321 005 20200520144314.0 010 $a9786612358616 010 $a1-282-35861-8 010 $a0-520-94004-0 010 $a1-4337-0830-2 024 7 $a10.1525/9780520940048 035 $a(CKB)1000000000354342 035 $a(EBL)293834 035 $a(OCoLC)476055674 035 $a(SSID)ssj0000227926 035 $a(PQKBManifestationID)11174899 035 $a(PQKBTitleCode)TC0000227926 035 $a(PQKBWorkID)10269422 035 $a(PQKB)10284797 035 $a(MiAaPQ)EBC293834 035 $a(OCoLC)145732318 035 $a(MdBmJHUP)muse30795 035 $a(DE-B1597)520970 035 $a(DE-B1597)9780520940048 035 $a(Au-PeEL)EBL293834 035 $a(CaPaEBR)ebr10172694 035 $a(CaONFJC)MIL235861 035 $a(EXLCZ)991000000000354342 100 $a20060720d2007 ub 0 101 0 $aeng 135 $aurcn||||||||| 181 $ctxt 182 $cc 183 $acr 200 12$aA problem of presence$b[electronic resource] $ebeyond Scripture in an African church /$fMatthew Engelke 210 $aBerkeley $cUniversity of California Press$dc2007 215 $a1 online resource (321 pages) 225 1 $aThe anthropology of Christianity ;$v2 300 $aDescription based upon print version of record. 311 $a0-520-24903-8 311 $a0-520-24904-6 320 $aIncludes bibliographical references and index. 327 $tFront matter --$tContents --$tIllustrations --$tAcknowledgments --$tMap of Zimbabwe --$tIntroduction --$t1. Up in Smoke: Humility, Humiliation, and the Christian Book --$t2. The Early Days of Johane Masowe --$t3. The Question of Leadership: The Friday Message after Johane --$t4. Mutemo in Three Portraits --$t5. Listening for the True Bible: Live and Direct Language, Part I --$t6. Singing and the Metaphysics of Sound: Live and Direct Language, Part II --$t7. The Substance of Healing --$tConclusion --$tNotes --$tReferences --$tIndex 330 $aThe Friday Masowe apostolics of Zimbabwe refer to themselves as "the Christians who don't read the Bible." They claim they do not need the Bible because they receive the Word of God "live and direct" from the Holy Spirit. In this insightful and sensitive historical ethnography, Matthew Engelke documents how this rejection of scripture speaks to longstanding concerns within Christianity over mediation and authority. The Bible, of course, has been a key medium through which Christians have recognized God's presence. But the apostolics perceive scripture as an unnecessary, even dangerous, mediator. For them, the materiality of the Bible marks a distance from the divine and prohibits the realization of a live and direct faith. Situating the Masowe case within a broad comparative framework, Engelke shows how their rejection of textual authority poses a problem of presence-which is to say, how the religious subject defines, and claims to construct, a relationship with the spiritual world through the semiotic potentials of language, actions, and objects. Written in a lively and accessible style, A Problem of Presence makes important contributions to the anthropology of Christianity, the history of religions in Africa, semiotics, and material culture studies. 410 0$aAnthropology of Christianity ;$v2. 606 $aReligion 608 $aElectronic books. 615 0$aReligion. 676 $a289.9/3 700 $aEngelke$b Matthew Eric$01033027 801 0$bMiAaPQ 801 1$bMiAaPQ 801 2$bMiAaPQ 906 $aBOOK 912 $a9910457611703321 996 $aA problem of presence$92451255 997 $aUNINA